| 000 | 00438nam a2200157 i 4500 | ||
|---|---|---|---|
| 001 | 95815 | ||
| 003 | ES-MaACL | ||
| 005 | 20230906181758.0 | ||
| 007 | t| | ||
| 008 | 050606s1948 xxk ||||1| eng d | ||
| 100 | 1 |
_aMcGregor, David Hutchison. _979572 |
|
| 245 | 1 | 4 |
_aThe evolution of industry / _cDavid Hutchison MacGregor. |
| 260 |
_aLondon : _bWilliams and Norgate, _c1948. |
||
| 300 |
_a256 p. ; _c17 cm. |
||
| 852 |
_aES-MaACL _jC-3093 |
||
| 999 |
_c95815 _d95815 |
||